000 00542nam a2200193 4500
005 20241018125256.0
008 241018b |||||||| |||| 00| 0 eng d
020 _aX
_c[n.p.]
040 _aMAIN
082 _a381
_bM314I
100 _aManju
245 _aImpact of dividend policy on firm's financial performance: A study of BSE sensex 30 representative firms
260 _bDept. of Commerce, M D University, Rohtak
_c2017- 18
300 _avii, 102
650 _aCommerce
700 _aSharma, Preeti
942 _cTH
999 _c357689
_d357689